Vývoj zamestnanosti, produktivity práce a priemerných miezd v poľnohospodárskej prvovýrobe na Slovensku
Vývojové trendy v oblasti zamestnanosti, produktivity práce a priemerných miezd v poľnohospodárskej výrobe. Znižovanie zamestnanosti a zmeny v profesnej štruktúre prvovýroby a vývoj produktivity práce za obdobie r. 1989-1992. Analýza produktivity práce a priemerných miezd v makroštruktúre a regionál...
Gespeichert in:
| 1. Verfasser: | |
|---|---|
| Format: | Buchkapitel |
| Sprache: | Slowakisch |
| Schlagworte: | |
| Tags: |
Keine Tags, Fügen Sie das erste Tag hinzu!
|
MARC
| LEADER | 00000naa a2200000 4500 | ||
|---|---|---|---|
| 001 | r024109 | ||
| 005 | 20221129134110.5 | ||
| 041 | 0 | |a slo | |
| 044 | |a CZ | ||
| 245 | 1 | 0 | |a Vývoj zamestnanosti, produktivity práce a priemerných miezd v poľnohospodárskej prvovýrobe na Slovensku |c Stanislav Buchta |
| 520 | |a Vývojové trendy v oblasti zamestnanosti, produktivity práce a priemerných miezd v poľnohospodárskej výrobe. Znižovanie zamestnanosti a zmeny v profesnej štruktúre prvovýroby a vývoj produktivity práce za obdobie r. 1989-1992. Analýza produktivity práce a priemerných miezd v makroštruktúre a regionálnom priereze. Nominálny nárast priemerných miezd v poľnohospodárstve je najnižší zo všetkých sledovaných odvetví NH SR. | ||
| 610 | 2 | 0 | |a zamestnanosť |
| 610 | 2 | 0 | |a poľnohospodárstvo |
| 610 | 2 | 0 | |a produktivita práce |
| 610 | 2 | 0 | |a mzdy priemerné |
| 610 | 2 | 0 | |a mzdy reálne |
| 610 | 2 | 0 | |a Slovensko |
| 610 | 2 | 0 | |a 1989-1992 |
| 100 | 1 | |a Buchta, Stanislav | |